Rapport d'un comité d'experts de l'OMS; N.840 Comité OMS d'experts de la standardisation biologique
Guardat en:
| Autor principal: | |
|---|---|
| Format: | Llibre |
| Idioma: | Undetermined |
| Publicat: |
Genève
OMS
1988
|
| Matèries: | |
| Etiquetes: |
Afegir etiqueta
Sense etiquetes, Sigues el primer a etiquetar aquest registre!
|
| Thư viện lưu trữ: | Trung tâm Học liệu Trường Đại học Cần Thơ |
|---|
| LEADER | 00551nam a2200193Ia 4500 | ||
|---|---|---|---|
| 001 | CTU_6711 | ||
| 008 | 210402s9999 xx 000 0 und d | ||
| 082 | |a 610.72 | ||
| 082 | |b O.68f/N.840 | ||
| 100 | |a OMS | ||
| 245 | 0 | |a Rapport d'un comité d'experts de l'OMS; N.840 | |
| 245 | 0 | |b Comité OMS d'experts de la standardisation biologique | |
| 245 | 0 | |c OMS | |
| 260 | |a Genève | ||
| 260 | |b OMS | ||
| 260 | |c 1988 | ||
| 650 | |a biology | ||
| 904 | |i Nguyễn Quang Điền, 960823 | ||
| 980 | |a Trung tâm Học liệu Trường Đại học Cần Thơ | ||